<?xml version="1.0" encoding="UTF-8"?>
<marc:record xmlns:marc="http://www.loc.gov/MARC21/slim">
   <marc:leader>00000nam a2200000 a 4500</marc:leader>
   <marc:datafield ind1="1" ind2=" " tag="100">
      <marc:subfield code="a">Thiess, Richard</marc:subfield>
      <marc:subfield code="4">aut</marc:subfield>
      <marc:subfield code="e">Verfasser/-in</marc:subfield>
   </marc:datafield>
   <marc:datafield ind1=" " ind2=" " tag="653">
      <marc:subfield code="a">Softcover / Sachbücher/Politik</marc:subfield>
   </marc:datafield>
   <marc:datafield ind1=" " ind2=" " tag="653">
      <marc:subfield code="a">Gesellschaft</marc:subfield>
   </marc:datafield>
   <marc:datafield ind1=" " ind2=" " tag="653">
      <marc:subfield code="a">Wirtschaft/Gesellschaft</marc:subfield>
   </marc:datafield>
   <marc:datafield ind1=" " ind2=" " tag="653">
      <marc:subfield code="a">Erlebnisbericht</marc:subfield>
   </marc:datafield>
   <marc:datafield ind1="0" ind2="0" tag="245">
      <marc:subfield code="a">Der Tod kennt kein Erbarmen</marc:subfield>
   </marc:datafield>
   <marc:datafield ind1="0" ind2="0" tag="245">
      <marc:subfield code="b">wahre Fälle aus der Mordkommission ; unter Einbeziehung von einigen Fällen, in denen Raimund Eichner ermittelte</marc:subfield>
   </marc:datafield>
   <marc:datafield ind1="0" ind2="0" tag="245">
      <marc:subfield code="c">Richard Thiess</marc:subfield>
   </marc:datafield>
   <marc:datafield ind1=" " ind2="1" tag="264">
      <marc:subfield code="a">München</marc:subfield>
      <marc:subfield code="b">dtv</marc:subfield>
      <marc:subfield code="c">2015</marc:subfield>
   </marc:datafield>
   <marc:datafield ind1="1" ind2=" " tag="490">
      <marc:subfield code="a">dtv</marc:subfield>
      <marc:subfield code="v">26076 : dtv premium</marc:subfield>
   </marc:datafield>
   <marc:datafield ind1=" " ind2=" " tag="250">
      <marc:subfield code="a">Orig.-Ausg.</marc:subfield>
   </marc:datafield>
   <marc:datafield ind1="1" ind2=" " tag="520">
      <marc:subfield code="a">Angaben aus der Verlagsmeldung

Der Tod kennt kein Erbarmen (AT) : Wahre Fälle aus der Mordkommission Thiess,Tod / von Richard Thiess

Um an das Erbe seiner Schwägerin zu kommen, setzt sich der hoch verschuldete Familienvater Thomas S. kurz nach Mitternacht in sein Auto. Sein Ziel: das Haus seiner Verwandten. Heimtückisch und aus Habgier ermordet er seine beiden acht- und elfjährigen Nichten, seine Schwägerin entgeht seiner Wut durch einen Zufall. Es gibt ein regelrechtes Massaker. Er hat die Kinder erdrosselt, erschlagen und erstochen, »übertötet« nennt man das, wenn einer nicht ablässt von seinen Opfern, die längst ohne Leben sind. Wie zynisch dieser Mörder ist, zeigt sich, als er aus der U-Haft heraus Kripobeamte um ein Gespräch bittet. Doch es geht nicht um Mitteilungen zum Mordfall, Thomas S. will nur wissen, wie der FC Bayern gespielt hat. Richard Thiess stellt diesen und weitere eindringliche Mordfälle vor.
</marc:subfield>
   </marc:datafield>
   <marc:datafield ind1=" " ind2=" " tag="020">
      <marc:subfield code="a">9783423260763</marc:subfield>
      <marc:subfield code="9">9783423260763</marc:subfield>
   </marc:datafield>
   <marc:datafield ind1=" " ind2=" " tag="020">
      <marc:subfield code="a">3423260769</marc:subfield>
      <marc:subfield code="9">3423260769</marc:subfield>
   </marc:datafield>
   <marc:datafield ind1=" " ind2=" " tag="041">
      <marc:subfield code="a">ger</marc:subfield>
   </marc:datafield>
   <marc:datafield ind1=" " ind2=" " tag="300">
      <marc:subfield code="a">204 S.</marc:subfield>
   </marc:datafield>
</marc:record>
